000 00905nam a22002417a 4500
005 20230505092130.0
008 230504b ||||| |||| 00| 0 eng d
020 _a978-0199600892
040 _aCO-BoUCM
_cDavid Moreno
_dDavid Moreno
041 _aeng
100 _aBarange, Manuel
_9177400
245 0 1 _aMarine Ecosystems and Global Change
_cedited by Manuel Barange ... [et al.].
260 _aOxford
_bOxford University Press
_c2010
300 _a xxiv, 412 páginas
_bilustraciones, mapas
504 _aIncluye referencias bibliográficas e índices
650 1 _aBiología marina
_xRecursos marinos
_9177401
650 1 _aCiencias del mar
_xEcología marina
_9177402
650 1 _aEcosistemas
_xEcosistemas marinos
_9177403
700 _aField G. John
_9177404
700 _aRoger P. Harris
_9177405
942 _2DEWEY
_a14
_cLIBRO
_e1
_h577
_m7
_n0
999 _c322572
_d322572